00881nac a22001931u 4500020001800000028002100018082002300039090001500062100003400077245025400111260003000365300002800395500007800423650001500501700002300516942002500539999001500564952010800579 a2-901026-49-4 bcatalogue.bnf.fr a622.182 8 .bM6921 c2948d2948 aMitchell, Alan .  a Overpressures in petroleum exploration [Texte imprimé] : April 7th-8th 1998, Pau, France :bworkshop proceedings /ced. by Alan Mitchell & Dominique Grauls ; organisers, Alan Mitchell,... Dominique Grauls,... Richard Edward Swarbrick,... [et al.] aFrance:bELF-ep,cc.1998. a248p.:bill col;c30cm. a Notes bibliogr. Résumés. - Ouvrage porte par erreur : ISSN 1279-8215 apetroleum. aGrauls ,Dominique. cBBk622.182 8 .M6921 c2948d2948 00104070aMAINbMAINc1STd2012-03-07ePurchasel0o622.1828. MITp000001200r2025-07-15 00:00:00yBB